| 000 | 01618njm0a2200361 4500 | ||
|---|---|---|---|
| 001 | RU\NLR\ONIZ\224328 | ||
| 005 | 20250708192908.0 | ||
| 035 | _a(NLR Aleph) 011903400 | ||
| 035 | _aRU\NLR\ONIZ\GALA\5000033581\20181031101616 | ||
| 071 | 0 | 0 | _a222276-77 |
| 090 |
_a13283723 _c13283723 |
||
| 100 | _a20181031f19001999|||y0rusy50 ca | ||
| 102 | _aRU | ||
| 135 | _ahonoannnanndn | ||
| 200 | 1 |
_aГде ты, отзовись _bЗвукозапись _aМы сегодня разстались съ тобой _f[Л.Я.] Дризо _g[авт. сл. В. В. Верещагин (1)] _gисполн.: Ю. Морфесси [баритон] |
|
| 210 |
_aРига _cAmour Gramophone record _d[19--] |
||
| 215 | _a1 грп.(12 мин): 78 об/мин, моно; 25 см, в конв. | ||
| 606 | 1 |
_aСтаринные русские романсы _xЗвукозапись _yРоссия _z19-20 вв. _2nlr_sh |
|
| 686 |
_aЩ943.2-043.3я44(28) _vLBC/SL _2rubbk |
||
| 700 | 1 |
_9z05790 _aДризо _bЛ. Я. _f1880- ? _gЛев Яковлевич _4230 _7ca |
|
| 702 | 1 |
_9z08790 _aМорфесси _bЮ. С. _f1882-1957 _gЮрий Спиридонович _4590 _7ca |
|
| 702 | 1 |
_aВерещагин _bВ. В. _cхудожник _f1842-1904 _gВасилий Васильевич _4040 _7ca |
|
| 790 | 1 |
_9z05700 _aDrizo _bL. _f1880-? _gLev _4230 _7ba |
|
| 790 | 1 |
_9z08702 _aMorfessi _bYu. _f1882-1957 _gYuriy _4590 _7ba |
|
| 801 | 0 |
_aRU _bNLR _c20181031 _gPSBO |
|
| 801 | 1 |
_aRU _bNLR _c20181031 _2rusmarc |
|
| 801 | 2 |
_aRU _bNLR _c20181031 |
|
| 852 |
_aNLR _bМг _j2к/2797 _p9050 _t1 |
||
| 942 | _cREC | ||
| 980 | _aNB | ||
| 980 | _aONIZ | ||